000 01034cam a2200253 4500
008 021017n2001 000 0 eng u
020 _a8790907116
035 _a(Sirsi) u120143
041 _aeng.
050 _a331.7124
245 _aEnhancing professional competence of surveyors in Europe
260 _aDenmark
_bInternational Federation of Surveyors
_c2001
260 _aAustria
_bCouncil of European Geodetic Surveyors
_c2001
300 _a89p.
_c26cm.
520 _aPresents the conclusions of a joint CLGE/FIG seminar on enhancing professional competence of surveyors in Europe, held at Delft University of Technology in November 2000, along with the final results of research undertaken in the areas of curricula and competence models.
650 _aPROFESSIONAL COMPETENCE
650 _aSURVEYORS
650 _aEUROPE
650 _aPROFESSIONAL EDUCATION
690 _aMANAGEMENT-BUSINESS MANAGEMENT-PROFESSIONAL PRACTICE
700 _aEnemark, S.
_xEditor
700 _aPrendergast, P.
_xEditor
942 _n0
999 _c102484
_d102484